[Event "Reykjavik op"]
[Site "Reykjavik"]
[Date "2024.03.19"]
[Round "7"]
[White "Bertola, Georges"]
[Black "Visser, Wouter"]
[Result "1/2-1/2"]
[WhiteElo "2010"]
[BlackElo "1789"]
[PlyCount "31"]
[EventDate "2024.03.15"]
[EventType "swiss"]
[EventRounds "9"]
[EventCountry "ISL"]
[SourceTitle "CB13_2024"]
[SourceDate "2024.03.27"]
[SourceVersion "1"]
[SourceVersionDate "2024.03.27"]
[SourceQuality "1"]

1. e4 c6 2. d4 d5 3. exd5 cxd5 4. Bd3 Nc6 5. c3 Qc7 6. h3 Nf6 7. Nf3 h6 8. Qe2 e6 9. 0-0 Bd6 10. Re1 0-0 11. Nbd2 a6 12. Ne5 b5 13. a3 Bb7 14. Ndf3 Rfe8 15. Nxc6 Bxc6 16. Ne5 1/2-1/2